| 000 | 00568nam#a2200217#c#4500 | ||
|---|---|---|---|
| 003 | IEF | ||
| 005 | 20180219154105.0 | ||
| 008 | 941031s1983 uuu####fr####| 0||u| |u | ||
| 020 | _a0394531507 | ||
| 040 | _aIEF | ||
| 100 | 1 |
_aThurow, Lester Carl _943513 |
|
| 245 | _aDangerous currents : the state of economics | ||
| 260 |
_aNew York _b Random House _c1983 |
||
| 300 |
_aXIX, 247 p. _c 24 cm. |
||
| 500 | _aContiene bibliografía | ||
| 650 | 4 |
_aESTADOS UNIDOS _942888 |
|
| 650 | 4 |
_aPOLITICA ECONOMICA _948066 |
|
| 942 | _cLIB | ||
| 942 | _z11445 | ||
| 999 |
_c37696 _d37696 |
||